[Event "Warsaw Najdorf Memorial op-A 13th"]
[Site "Warsaw"]
[Date "2015.07.18"]
[Round "9"]
[White "Rozycki, Bartlomiej"]
[Black "Saatdjian, Thomas"]
[Result "0-1"]
[WhiteElo "2198"]
[BlackElo "2353"]
[PlyCount "102"]
[EventDate "2015.07.10"]
[EventType "swiss"]
[EventRounds "9"]
[EventCountry "POL"]
[SourceTitle "CBM 167 Extra"]
[Source "ChessBase"]
[SourceDate "2015.09.14"]
[SourceVersion "1"]
[SourceVersionDate "2015.09.14"]
[SourceQuality "1"]

1. d4 d5 2. c4 c6 3. Nf3 Nf6 4. e3 e6 5. Nbd2 Nbd7 6. Bd3 Bd6 7. Qc2 h6 8. b3 e5 9. dxe5 Nxe5 10. Bb2 Nxd3+ 11. Qxd3 dxc4 12. Nxc4 Bb4+ 13. Ke2 Qxd3+ 14. Kxd3 Bf5+ 15. Ke2 0-0-0 16. Rhd1 Nd5 17. Rac1 Rhe8 18. Nd4 Bg6 19. a3 Bf8 20. g3 f6 21. f3 Kb8 22. Kf2 c5 23. Ne2 Bf7 24. e4 Nb6 25. Rxd8+ Rxd8 26. Ke3 Nxc4+ 27. bxc4 Rd6 28. Rc3 Rb6 29. Bc1 Bd6 30. Nf4 Be5 31. Rc2 Rb3+ 32. Ke2 Bd4 33. Ng2 a6 34. Ne3 b5 35. cxb5 axb5 36. f4 Kb7 37. Nf5 Bc4+ 38. Ke1 Bc3+ 39. Kf2 Bd3 40. Ra2 g6 41. Nxh6 Bxe4 42. Nf7 Bd5 43. Re2 Bd4+ 44. Ke1 c4 45. Nd6+ Kc6 46. Nc8 Bf3 47. Ne7+ Kc5 48. Ra2 Rb1 49. Kd2 c3+ 50. Kc2 Be4+ 51. Kd1 Be3 0-1

[Event "Warsaw Najdorf Memorial op-A 13th"]
[Site "Warsaw"]
[Date "2015.07.17"]
[Round "8"]
[White "Saatdjian, Thomas"]
[Black "Dabrowska, Krystyna"]
[Result "1/2-1/2"]
[WhiteElo "2353"]
[BlackElo "2208"]
[PlyCount "53"]
[EventDate "2015.07.10"]
[EventType "swiss"]
[EventRounds "9"]
[EventCountry "POL"]
[SourceTitle "CBM 167 Extra"]
[Source "ChessBase"]
[SourceDate "2015.09.14"]
[SourceVersion "1"]
[SourceVersionDate "2015.09.14"]
[SourceQuality "1"]

1. d4 Nf6 2. c4 e6 3. Nf3 b6 4. g3 Bb7 5. Bg2 Be7 6. 0-0 0-0 7. Re1 d5 8. cxd5 exd5 9. Nc3 Nbd7 10. Bf4 a6 11. Rc1 c5 12. Ne5 cxd4 13. Qxd4 Bc5 14. Qd3 Nxe5 15. Bxe5 Bxf2+ 16. Kxf2 Ng4+ 17. Kg1 Nxe5 18. Qf5 Re8 19. Nxd5 Bxd5 20. Red1 g6 21. Qf4 Rc8 22. Rxc8 Qxc8 23. Bxd5 h5 24. Bb3 b5 25. Rd5 Nc4 26. Bxc4 bxc4 27. Qd4 1/2-1/2

[Event "Warsaw Najdorf Memorial op-A 13th"]
[Site "Warsaw"]
[Date "2015.07.16"]
[Round "7"]
[White "Krzyzanowski, Marcin"]
[Black "Saatdjian, Thomas"]
[Result "1-0"]
[WhiteElo "2427"]
[BlackElo "2353"]
[PlyCount "83"]
[EventDate "2015.07.10"]
[EventType "swiss"]
[EventRounds "9"]
[EventCountry "POL"]
[SourceTitle "CBM 167 Extra"]
[Source "ChessBase"]
[SourceDate "2015.09.14"]
[SourceVersion "1"]
[SourceVersionDate "2015.09.14"]
[SourceQuality "1"]

1. c4 e5 2. g3 Nf6 3. Bg2 d5 4. cxd5 Nxd5 5. Nc3 Nb6 6. e3 Nc6 7. Nge2 Bf5 8. 0-0 Qd3 9. f4 e4 10. a4 a5 11. g4 Bxg4 12. Bxe4 Qd7 13. d4 f5 14. Bg2 Bb4 15. Qc2 Bxe2 16. Qxe2 0-0 17. Qb5 Rad8 18. Kh1 Kh8 19. Bd2 Nb8 20. Bxb7 Qxb5 21. axb5 Nc4 22. Bc1 Nd7 23. Nd5 Ndb6 24. Nxb4 axb4 25. b3 Nd6 26. Bc6 Ne4 27. Bxe4 fxe4 28. Bd2 Nd5 29. Rg1 Rb8 30. Ra5 Rf5 31. Ra6 h6 32. Re6 Nf6 33. Re7 g5 34. fxg5 hxg5 35. Rxc7 Rbxb5 36. Ra1 Rb8 37. Rc5 Rf2 38. Be1 Re2 39. Bg3 Rf8 40. Rxg5 Rxe3 41. Be5 Rxb3 42. Rag1 1-0

[Event "Warsaw Najdorf Memorial op-A 13th"]
[Site "Warsaw"]
[Date "2015.07.12"]
[Round "3"]
[White "Saatdjian, Thomas"]
[Black "Warszawski, Bartosz"]
[Result "1-0"]
[WhiteElo "2353"]
[BlackElo "2233"]
[PlyCount "55"]
[EventDate "2015.07.10"]
[EventType "swiss"]
[EventRounds "9"]
[EventCountry "POL"]
[SourceTitle "CBM 167 Extra"]
[Source "ChessBase"]
[SourceDate "2015.09.14"]
[SourceVersion "1"]
[SourceVersionDate "2015.09.14"]
[SourceQuality "1"]

1. d4 f5 2. Nf3 Nf6 3. g3 e6 4. Bg2 d5 5. c4 c6 6. 0-0 Bd6 7. b3 Qe7 8. Ne5 b6 9. Nd2 Bb7 10. Bb2 0-0 11. Qc2 Ne4 12. Nxe4 fxe4 13. f3 exf3 14. exf3 Bxe5 15. dxe5 dxc4 16. bxc4 c5 17. Rad1 Nc6 18. Rd6 Na5 19. Bh3 Bxf3 20. Bxe6+ Kh8 21. Bf5 Bc6 22. Qe2 Be8 23. Be4 Rb8 24. Rdf6 Bf7 25. Qg4 Nxc4 26. Qh4 Bg8 27. Rxf8 Qxh4 28. gxh4 1-0

[Event "Luxembourg-chT 1112"]
[Site "Luxembourg"]
[Date "2011.11.10"]
[Round "2"]
[White "Saatdjian, Thomas"]
[Black "Prizker, Boris"]
[Result "1/2-1/2"]
[WhiteElo "2369"]
[BlackElo "2244"]
[PlyCount "47"]
[EventDate "2011.10.??"]
[EventType "team-tourn"]
[EventRounds "10"]
[EventCountry "LUX"]
[SourceTitle "EXT 2017"]
[Source "ChessBase"]
[SourceDate "2016.10.25"]
[SourceVersion "1"]
[SourceVersionDate "2016.10.25"]
[SourceQuality "1"]

1. Nf3 Nf6 2. c4 e6 3. g3 d5 4. b3 c5 5. Bg2 Be7 6. 0-0 0-0 7. cxd5 exd5 8. d4 Nc6 9. Bb2 Ne4 10. dxc5 Bxc5 11. Nc3 Nxc3 12. Bxc3 d4 13. Bb2 Bf5 14. Rc1 Qd6 15. Qd2 h6 16. Qf4 Qxf4 17. gxf4 Bb6 18. Ne5 Nxe5 19. fxe5 Rfe8 20. Bxb7 Rab8 21. Bf3 Rxe5 22. Rfd1 Ra5 23. a3 Be6 24. b4 1/2-1/2

[Event "Avoine op 25th"]
[Site "Avoine"]
[Date "2010.07.24"]
[Round "8"]
[White "Bouget, Alexandre"]
[Black "Saatdjian, Thomas"]
[Result "0-1"]
[WhiteElo "2140"]
[BlackElo "2369"]
[PlyCount "70"]
[EventDate "2010.07.17"]
[EventType "swiss"]
[EventRounds "9"]
[EventCountry "FRA"]
[SourceTitle "EXT 2011"]
[Source "ChessBase"]
[SourceDate "2010.11.26"]
[SourceVersion "1"]
[SourceVersionDate "2010.11.26"]
[SourceQuality "1"]

1. d4 Nf6 2. c4 c5 3. d5 b5 4. cxb5 a6 5. Nc3 axb5 6. e4 b4 7. Nb5 d6 8. Bc4 Nbd7 9. Nf3 Nb6 10. Bd3 Bd7 11. Qe2 Qc8 12. b3 c4 13. Bxc4 Nxc4 14. Qxc4 Qxc4 15. bxc4 Bxb5 16. cxb5 Nxe4 17. Rb1 Ra5 18. Bd2 Nxd2 19. Kxd2 g6 20. Nd4 Bg7 21. Nc6 Bc3+ 22. Kd3 Kd7 23. Kc4 Rc8 24. b6 Rxc6+ 25. dxc6+ Kxc6 26. Kd3 Ra7 27. Rhc1 Kb7 28. Rc2 Ra5 29. Re2 e6 30. f4 Kxb6 31. g4 Kc5 32. Rb3 Ra8 33. Rf2 d5 34. f5 gxf5 35. gxf5 e5 0-1

[Event "Avoine op 25th"]
[Site "Avoine"]
[Date "2010.07.20"]
[Round "4"]
[White "Cau, Benjamin"]
[Black "Saatdjian, Thomas"]
[Result "0-1"]
[WhiteElo "2172"]
[BlackElo "2369"]
[PlyCount "64"]
[EventDate "2010.07.17"]
[EventType "swiss"]
[EventRounds "9"]
[EventCountry "FRA"]
[SourceTitle "EXT 2011"]
[Source "ChessBase"]
[SourceDate "2010.11.26"]
[SourceVersion "1"]
[SourceVersionDate "2010.11.26"]
[SourceQuality "1"]

1. e4 c5 2. Nf3 e6 3. d4 cxd4 4. Nxd4 a6 5. g3 d5 6. e5 Nc6 7. Nxc6 bxc6 8. Bg2 Qc7 9. f4 Bc5 10. Qe2 Rb8 11. b3 Ne7 12. Nc3 Nf5 13. Na4 Be7 14. 0-0 Qa7+ 15. Kh1 h5 16. Qf2 c5 17. Ba3 d4 18. Rfe1 Bd7 19. Nb2 h4 20. g4 h3 21. Bf3 Ne3 22. Nc4 Nxc4 23. bxc4 Bh4 24. Qe2 Bxe1 25. Rxe1 Qb6 26. f5 Bc6 27. fxe6 fxe6 28. Kg1 0-0 29. Bxc6 Qxc6 30. g5 Rf3 31. Bc1 Rbf8 32. g6 Rf2 0-1

[Event "Avoine op 25th"]
[Site "Avoine"]
[Date "2010.07.17"]
[Round "1"]
[White "Saatdjian, Thomas"]
[Black "Ashanina, Olga"]
[Result "1-0"]
[WhiteElo "2369"]
[BlackElo "2012"]
[PlyCount "55"]
[EventDate "2010.07.17"]
[EventType "swiss"]
[EventRounds "9"]
[EventCountry "FRA"]
[SourceTitle "EXT 2011"]
[Source "ChessBase"]
[SourceDate "2010.11.26"]
[SourceVersion "1"]
[SourceVersionDate "2010.11.26"]
[SourceQuality "1"]

1. Nf3 Nf6 2. c4 e6 3. g3 b6 4. Bg2 Bb7 5. 0-0 Be7 6. d4 0-0 7. Re1 d5 8. cxd5 exd5 9. Nc3 Ne4 10. Bf4 Bd6 11. Ne5 Nd7 12. Nd3 Ndf6 13. Rc1 Bxf4 14. Nxf4 Nxc3 15. bxc3 Ne4 16. f3 Nd6 17. e4 dxe4 18. fxe4 Qd7 19. d5 f6 20. c4 Rae8 21. Ne6 Rxe6 22. dxe6 Qxe6 23. e5 fxe5 24. Bd5 Bxd5 25. Qxd5 Qxd5 26. cxd5 Nb5 27. Rxe5 Rf6 28. Kg2 1-0

[Event "Paris-ch"]
[Site "Paris"]
[Date "2010.07.09"]
[Round "7"]
[White "Adhiban, Baskaran"]
[Black "Saatdjian, Thomas"]
[Result "1-0"]
[WhiteElo "2483"]
[BlackElo "2369"]
[PlyCount "85"]
[EventDate "2010.07.03"]
[EventType "swiss"]
[EventRounds "9"]
[EventCountry "FRA"]
[SourceTitle "CBM 137 Extra"]
[Source "ChessBase"]
[SourceDate "2010.09.01"]
[SourceVersion "1"]
[SourceVersionDate "2010.09.01"]
[SourceQuality "1"]

1. e4 e6 2. d4 d5 3. Nd2 Nf6 4. e5 Nfd7 5. f4 c5 6. c3 Nc6 7. Ndf3 cxd4 8. cxd4 f5 9. Bd3 Be7 10. Ne2 Nb6 11. Rg1 a5 12. g4 g6 13. a3 a4 14. Nc3 Bd7 15. Bc2 Kf8 16. Kf2 Qe8 17. Rb1 Na5 18. Qf1 Rc8 19. gxf5 exf5 20. Bd3 Be6 21. h4 Nbc4 22. Ne2 Rc6 23. h5 Kf7 24. Qh3 Nb3 25. Be3 Qc8 26. Rg3 Rg8 27. Qg2 Nxe3 28. Kxe3 Nc1 29. Nxc1 Rxc1 30. Qd2 Rxb1 31. Bxb1 Qc4 32. Bd3 Qb3 33. Ng5+ Bxg5 34. Rxg5 b6 35. hxg6+ hxg6 36. Qc1 Rc8 37. Qh1 Rg8 38. Rg1 Bd7 39. Rc1 Rg7 40. Rc7 Ke6 41. Qh8 Qd1 42. Qxg7 Qe1+ 43. Be2 1-0

[Event "Paris-ch"]
[Site "Paris"]
[Date "2010.07.08"]
[Round "6"]
[White "Saatdjian, Thomas"]
[Black "Zhu, Chen"]
[Result "1/2-1/2"]
[WhiteElo "2369"]
[BlackElo "2476"]
[PlyCount "141"]
[EventDate "2010.07.03"]
[EventType "swiss"]
[EventRounds "9"]
[EventCountry "FRA"]
[SourceTitle "CBM 137 Extra"]
[Source "ChessBase"]
[SourceDate "2010.09.01"]
[SourceVersion "1"]
[SourceVersionDate "2010.09.01"]
[SourceQuality "1"]

1. d4 d5 2. c4 c6 3. Nf3 Nf6 4. Nc3 e6 5. Bg5 h6 6. Bxf6 Qxf6 7. e3 Nd7 8. Bd3 dxc4 9. Bxc4 g6 10. 0-0 Bg7 11. Qc2 0-0 12. Bb3 Qe7 13. Rad1 b6 14. e4 Bb7 15. Rfe1 Rfd8 16. e5 Rab8 17. Qe2 a6 18. Bc2 b5 19. Be4 Rdc8 20. Rc1 Ba8 21. a3 c5 22. Bxa8 Rxa8 23. d5 exd5 24. Nxd5 Qe6 25. Rcd1 Nf8 26. Qe4 Ra7 27. b4 Qc6 28. bxc5 Qxc5 29. a4 Rd7 30. e6 fxe6 31. Nf6+ Bxf6 32. Rxd7 Nxd7 33. Qxe6+ Kh8 34. Qxd7 bxa4 35. Qxa4 a5 36. h3 Rf8 37. Qe4 Kg7 38. Rb1 Rf7 39. Qa4 Bc3 40. Rb5 Qd6 41. Qb3 Bb4 42. Rd5 Qf6 43. Qa2 Rc7 44. Rd1 Kh7 45. Qa4 Qc6 46. Qb3 Qe8 47. Rd5 Qf7 48. Ne5 Rc1+ 49. Kh2 Qf4+ 50. Qg3 Qxg3+ 51. Kxg3 Rc7 52. Nd3 Bc3 53. Nc5 Ra7 54. Na4 Be1 55. Re5 Bb4 56. Rd5 Kg7 57. f4 Re7 58. Kf3 Re1 59. Rd7+ Kf6 60. Ra7 Ra1 61. Ra6+ Kf7 62. Nb6 Ra3+ 63. Ke4 Rg3 64. Nc4 Rxg2 65. Nxa5 Bxa5 66. Rxa5 h5 67. f5 gxf5+ 68. Kxf5 Rg3 69. Ra7+ Kg8 70. h4 Rg4 71. Rb7 1/2-1/2

[Event "Dieppe"]
[Site "Dieppe"]
[Date "2009.08.24"]
[Round "2"]
[White "Song, Julien"]
[Black "Saatdjian, Thomas"]
[Result "0-1"]
[WhiteElo "2319"]
[BlackElo "2312"]
[PlyCount "70"]
[EventDate "2009.08.23"]
[EventType "tourn"]
[EventRounds "9"]
[EventCountry "FRA"]
[EventCategory "4"]
[SourceTitle "CBM 131 Extra"]
[Source "ChessBase"]
[SourceDate "2009.09.03"]
[SourceVersion "2"]
[SourceVersionDate "2009.09.16"]
[SourceQuality "1"]

1. d4 Nf6 2. c4 g6 3. Nc3 Bg7 4. Nf3 0-0 5. Bg5 c5 6. d5 h6 7. Bh4 b5 8. cxb5 a6 9. e3 Qa5 10. Nd2 axb5 11. Bxb5 Qb4 12. Bg3 Qxb2 13. Qc1 Qxc1+ 14. Rxc1 Ba6 15. d6 e6 16. a4 Bxb5 17. axb5 Nd5 18. Nxd5 exd5 19. 0-0 c4 20. Nxc4 dxc4 21. Rxc4 f5 22. Rfc1 Ra5 23. Rc5 Kf7 24. h4 Ke6 25. Bf4 h5 26. g3 Ra1 27. Rxa1 Bxa1 28. Kg2 Bb2 29. Kf3 Re8 30. Ke2 Ba3 31. Re5+ Kf7 32. Rd5 Rc8 33. Rd3 Bb2 34. Rb3 Bf6 35. Kd2 Ke6 0-1

[Event "Cap d'Agde CCAS op"]
[Site "Cap d'Agde"]
[Date "2008.10.31"]
[Round "8"]
[White "Saatdjian, Thomas"]
[Black "Milliet, Sophie"]
[Result "1/2-1/2"]
[WhiteElo "2284"]
[BlackElo "2366"]
[PlyCount "34"]
[EventDate "2008.10.25"]
[EventType "swiss"]
[EventRounds "9"]
[EventCountry "FRA"]
[SourceTitle "CBM 127 Extra"]
[Source "ChessBase"]
[SourceDate "2009.01.08"]
[SourceVersion "2"]
[SourceVersionDate "2009.01.28"]
[SourceQuality "1"]

1. Nf3 Nf6 2. c4 Nc6 3. d4 e6 4. g3 Bb4+ 5. Bd2 Qe7 6. Nc3 0-0 7. Bg2 Na5 8. b3 b6 9. 0-0 Bb7 10. Qc2 c5 11. dxc5 Bxc5 12. e4 Nc6 13. Rae1 d6 14. Na4 Bb4 15. Bxb4 Nxb4 16. Qd2 Na6 17. Nc3 Nc5 1/2-1/2

[Event "POR-chT 50th"]
[Site "Evora"]
[Date "2008.08.02"]
[Round "8"]
[White "Saatdjian, Thomas"]
[Black "Velicka, Petr"]
[Result "1/2-1/2"]
[WhiteElo "2307"]
[BlackElo "2492"]
[PlyCount "37"]
[EventDate "2008.07.26"]
[EventType "team-tourn"]
[EventRounds "9"]
[EventCountry "POR"]
[SourceTitle "EXT 2009"]
[Source "ChessBase"]
[SourceDate "2008.11.26"]
[SourceVersion "1"]
[SourceVersionDate "2008.11.26"]
[SourceQuality "1"]

1. Nf3 c5 2. c4 g6 3. d4 Bg7 4. e4 Qa5+ 5. Bd2 Qb6 6. Nc3 cxd4 7. Nd5 Qd8 8. Bf4 d6 9. Nxd4 Nf6 10. Bg5 Nxd5 11. cxd5 Qb6 12. Nb5 Bd7 13. Be3 Qa5+ 14. Qd2 Qxd2+ 15. Kxd2 Bxb5 16. Bxb5+ Nd7 17. Rac1 a6 18. Bxd7+ Kxd7 19. Ra1 1/2-1/2

[Event "POR-chT 50th"]
[Site "Evora"]
[Date "2008.07.26"]
[Round "1"]
[White "Paulino, Jose Manuel Goncalv"]
[Black "Saatdjian, Thomas"]
[Result "0-1"]
[WhiteElo "2089"]
[BlackElo "2307"]
[PlyCount "78"]
[EventDate "2008.07.26"]
[EventType "team-tourn"]
[EventRounds "9"]
[EventCountry "POR"]
[SourceTitle "EXT 2009"]
[Source "ChessBase"]
[SourceDate "2008.11.26"]
[SourceVersion "1"]
[SourceVersionDate "2008.11.26"]
[SourceQuality "1"]

1. e4 c5 2. Nf3 d6 3. d4 cxd4 4. Nxd4 Nf6 5. Nc3 a6 6. Be2 e5 7. Nb3 Be7 8. Be3 0-0 9. 0-0 Be6 10. Bf3 Nbd7 11. h3 Rc8 12. Re1 Qc7 13. a4 b6 14. g4 h6 15. Kg2 Nh7 16. Be2 Qb7 17. f3 Rfd8 18. Nd5 Bxd5 19. exd5 Nhf8 20. c4 Nc5 21. Nd2 a5 22. Ne4 Ng6 23. Ng3 Bh4 24. Rh1 Bxg3 25. Kxg3 Re8 26. h4 Nf4 27. Bf1 Qe7 28. Ra3 Qf6 29. Qc1 g5 30. Bxc5 Rxc5 31. hxg5 hxg5 32. Qe3 e4 33. Rb3 Rcc8 34. fxe4 Kg7 35. Rc3 Qe5 36. Kf3 Rh8 37. Rxh8 Rxh8 38. Rc2 Rh1 39. Bg2 Nxg2 0-1

[Event "Metz op 26th"]
[Site "Metz"]
[Date "2008.04.20"]
[Round "2"]
[White "Saatdjian, Thomas"]
[Black "Epishin, Vladimir"]
[Result "0-1"]
[WhiteElo "2311"]
[BlackElo "2566"]
[PlyCount "42"]
[EventDate "2008.04.19"]
[EventType "swiss"]
[EventRounds "9"]
[EventCountry "FRA"]
[SourceTitle "CBM 123 Extra"]
[Source "ChessBase"]
[SourceDate "2008.05.06"]
[SourceVersion "1"]
[SourceVersionDate "2008.05.06"]
[SourceQuality "1"]

1. Nf3 b6 2. g3 Bb7 3. Bg2 c5 4. 0-0 e6 5. c4 f5 6. Nc3 Nf6 7. d4 cxd4 8. Nxd4 Bxg2 9. Kxg2 Be7 10. Bf4 0-0 11. Rc1 Qc8 12. Bxb8 Rxb8 13. b3 Rf7 14. Qd3 Qb7+ 15. Kg1 a6 16. Rce1 Ne4 17. f3 Nxc3 18. Qxc3 b5 19. Qd3 bxc4 20. Qxc4 g6 21. e4 Qa7 0-1

[Event "Cappelle op 24th"]
[Site "Cappelle la Grande"]
[Date "2008.02.18"]
[Round "4"]
[White "Saatdjian, Thomas"]
[Black "Le Ruyet, Leopold"]
[Result "1-0"]
[WhiteElo "2320"]
[BlackElo "2108"]
[PlyCount "63"]
[EventDate "2008.02.16"]
[EventType "swiss"]
[EventRounds "9"]
[EventCountry "FRA"]
[SourceTitle "CBM 122 Extra"]
[Source "ChessBase"]
[SourceDate "2008.03.04"]
[SourceVersion "1"]
[SourceVersionDate "2008.03.04"]
[SourceQuality "1"]

1. Nf3 c5 2. c4 Nf6 3. Nc3 d5 4. cxd5 Nxd5 5. g3 Nc6 6. Bg2 Nf6 7. 0-0 e5 8. d3 Be7 9. Nd2 0-0 10. Nc4 Nd7 11. a4 Nb6 12. Ne3 a5 13. Nc4 Be6 14. b3 Nd5 15. Nxd5 Bxd5 16. Bxd5 Qxd5 17. Nb6 Qe6 18. Nxa8 Rxa8 19. Be3 f5 20. Qc1 Qd6 21. Qc4+ Kh8 22. f4 Rf8 23. Rac1 b6 24. Qb5 Nd4 25. Bxd4 Qxd4+ 26. Kg2 Qd5+ 27. Rf3 g5 28. Qc4 Qc6 29. fxg5 e4 30. dxe4 fxe4 31. Rxf8+ Bxf8 32. Rf1 1-0

[Event "FRA-chT2 East 0708"]
[Site "France"]
[Date "2007.12.16"]
[Round "4.2"]
[White "Vandevoort, Pascal"]
[Black "Saatdjian, Thomas"]
[Result "1-0"]
[WhiteElo "2375"]
[BlackElo "2295"]
[PlyCount "55"]
[EventDate "2007.10.21"]
[EventType "team"]
[EventRounds "11"]
[EventCountry "FRA"]
[SourceTitle "EXT 2009"]
[Source "ChessBase"]
[SourceDate "2008.11.26"]
[SourceVersion "1"]
[SourceVersionDate "2008.11.26"]
[SourceQuality "1"]
[WhiteTeam "Metz Fischer II"]
[BlackTeam "Bischwiller II"]
[WhiteTeamCountry "FRA"]
[BlackTeamCountry "FRA"]

1. e4 c5 2. Nf3 d6 3. d4 cxd4 4. Nxd4 Nf6 5. Nc3 a6 6. Rg1 g6 7. g4 Bg7 8. Be3 Nc6 9. Be2 d5 10. Nxc6 bxc6 11. Bd4 0-0 12. exd5 Nxd5 13. Bxg7 Kxg7 14. Qd4+ Nf6 15. 0-0-0 Qxd4 16. Rxd4 Be6 17. Na4 Nd7 18. Bc4 Ne5 19. Be2 Nd7 20. f4 f5 21. Bf3 c5 22. Rd2 Ra7 23. g5 Rc8 24. Re1 Kf7 25. Rde2 Nf8 26. Rxe6 Nxe6 27. Bd5 Kf8 28. Rxe6 1-0

[Event "Rohde op 07th"]
[Site "Sautron"]
[Date "2007.10.29"]
[Round "4"]
[White "Abbasov, Farid"]
[Black "Saatdjian, Thomas"]
[Result "1-0"]
[WhiteElo "2507"]
[BlackElo "2295"]
[PlyCount "109"]
[EventDate "2007.10.27"]
[EventType "swiss"]
[EventRounds "9"]
[EventCountry "FRA"]
[SourceTitle "EXT 2008"]
[Source "ChessBase"]
[SourceDate "2007.11.25"]
[SourceVersion "1"]
[SourceVersionDate "2007.11.25"]
[SourceQuality "1"]

1. d4 Nf6 2. Nf3 g6 3. c4 c5 4. Nc3 cxd4 5. Nxd4 Nc6 6. e4 Bg7 7. Be3 0-0 8. Be2 d6 9. 0-0 Bd7 10. Qd2 Nxd4 11. Bxd4 Bc6 12. f3 a5 13. Be3 Nd7 14. b3 Nc5 15. Rab1 Qb6 16. Rfc1 Rfc8 17. Bf1 Qd8 18. Rd1 Qf8 19. Nd5 Bxd5 20. Qxd5 Rc6 21. Qd2 h5 22. g3 Kh7 23. Bg2 Re8 24. f4 e5 25. f5 Bh6 26. Rf1 Bxe3+ 27. Qxe3 Qg7 28. Rbd1 g5 29. Rd5 Qh6 30. Qd2 Ra8 31. f6 Raa6 32. Rf5 g4 33. h3 Qxd2 34. Rxd2 Kg6 35. Bh1 Nd7 36. Rdf2 gxh3 37. Kh2 d5 38. exd5 Rxf6 39. Be4 Kh6 40. Kxh3 Rxf5 41. Rxf5 Rf6 42. Kh4 Rxf5 43. Bxf5 Nc5 44. d6 b6 45. d7 Nb7 46. a3 Kg7 47. b4 axb4 48. axb4 Kf6 49. c5 bxc5 50. bxc5 Nd8 51. Be4 Ke6 52. c6 Kd6 53. Kg5 Ne6+ 54. Kf6 Nd8 55. Bd5 1-0